[Event "Ruhrgebiet Regionalliga 1819"]
[Site "Nordrheinwestfalen"]
[Date "2019.05.19"]
[Round "10.5"]
[White "Goeldenboog, Juergen"]
[Black "Prueske, Wolfgang"]
[Result "1/2-1/2"]
[WhiteElo "1941"]
[BlackElo "1946"]
[PlyCount "119"]
[EventDate "2018.09.02"]
[EventType "team-tourn"]
[EventRounds "11"]
[EventCountry "GER"]
[SourceTitle "EXT 2022"]
[Source "ChessBase"]
[SourceDate "2021.10.06"]
[SourceVersion "1"]
[SourceVersionDate "2021.10.06"]
[SourceQuality "1"]
[WhiteTeam "Horst Emscher"]
[BlackTeam "Dortmund Hansa II"]
[WhiteTeamCountry "GER"]
[BlackTeamCountry "GER"]

1. d4 Nf6 2. c4 Nc6 3. Nf3 e6 4. Nc3 Bb4 5. a3 Bxc3+ 6. bxc3 d6 7. Bg5 h6 8. Bh4 g5 9. Bg3 Nh5 10. e4 e5 11. d5 Ne7 12. Bd3 Nf4 13. Bxf4 gxf4 14. c5 Rg8 15. g3 Ng6 16. Bb5+ Kf8 17. c6 b6 18. Qc2 Bg4 19. Be2 Qf6 20. Qd3 Ke7 21. 0-0-0 Rgb8 22. Kc2 Kf8 23. Ng1 Bc8 24. Bh5 a5 25. Bxg6 fxg6 26. gxf4 exf4 27. Qd4 Qxd4 28. Rxd4 Ba6 29. h4 Kg7 30. Nh3 Rf8 31. Rg1 Rae8 32. Kd2 Re5 33. Rh1 Rh5 34. e5 dxe5 35. Re4 Rd8 36. c4 b5 37. Rhe1 bxc4 38. Rxe5 Rxd5+ 39. Rxd5 Rxd5+ 40. Kc2 Rf5 41. Re7+ Rf7 42. Rxf7+ Kxf7 43. Nxf4 Bb5 44. Kc3 Bxc6 45. Kxc4 Kf6 46. Kc5 Bf3 47. Kd4 Kf5 48. Ke3 Bb7 49. f3 c5 50. Ne2 Ke5 51. Nf4 g5 52. hxg5 hxg5 53. Nh3 Bxf3 54. Nxg5 Bc6 55. Kd3 Bb5+ 56. Kc3 Be2 57. Nf7+ Kd5 58. Ng5 Bg4 59. Nf7 Bh5 60. Ng5 1/2-1/2

[Event "Ruhrgebiet Regionalliga 1819"]
[Site "Nordrheinwestfalen"]
[Date "2018.12.16"]
[Round "5.5"]
[White "Goeldenboog, Juergen"]
[Black "Dreier, Daniel"]
[Result "1/2-1/2"]
[WhiteElo "1897"]
[BlackElo "1910"]
[PlyCount "41"]
[EventDate "2018.09.02"]
[EventType "team-tourn"]
[EventRounds "11"]
[EventCountry "GER"]
[SourceTitle "EXT 2022"]
[Source "ChessBase"]
[SourceDate "2021.10.06"]
[SourceVersion "1"]
[SourceVersionDate "2021.10.06"]
[SourceQuality "1"]
[WhiteTeam "Horst Emscher"]
[BlackTeam "Eichlinghofen SV"]
[WhiteTeamCountry "GER"]
[BlackTeamCountry "GER"]

1. d4 Nf6 2. c4 e5 3. dxe5 Ng4 4. Nf3 Bc5 5. e3 Nc6 6. Be2 Ngxe5 7. 0-0 d6 8. Nc3 Nxf3+ 9. Bxf3 Ne5 10. b3 0-0 11. Bb2 a5 12. Ne4 Ba7 13. Bxe5 dxe5 14. Qxd8 Rxd8 15. Rfd1 Bd7 16. Nc3 c6 17. Rd2 Kf8 18. Rad1 Ke7 19. Ne4 h6 20. Nd6 Bc8 21. Nxc8+ 1/2-1/2

[Event "Ruhrgebiet Regionalliga 1819"]
[Site "Nordrheinwestfalen"]
[Date "2018.09.02"]
[Round "1.6"]
[White "Conrad, Joachim"]
[Black "Goeldenboog, Juergen"]
[Result "1-0"]
[WhiteElo "1998"]
[BlackElo "1890"]
[PlyCount "69"]
[EventDate "2018.09.02"]
[EventType "team-tourn"]
[EventRounds "11"]
[EventCountry "GER"]
[SourceTitle "EXT 2022"]
[Source "ChessBase"]
[SourceDate "2021.10.06"]
[SourceVersion "1"]
[SourceVersionDate "2021.10.06"]
[SourceQuality "1"]
[WhiteTeam "Welper SV"]
[BlackTeam "Horst Emscher"]
[WhiteTeamCountry "GER"]
[BlackTeamCountry "GER"]

1. d4 d5 2. Nf3 g6 3. Bg5 Bg7 4. e3 Nc6 5. Bb5 a6 6. Bxc6+ bxc6 7. Nc3 h5 8. Bf4 f6 9. e4 Nh6 10. Bxh6 Bxh6 11. Nh4 Kf7 12. 0-0 Bg4 13. Qd3 Bg5 14. Nf3 Bf4 15. g3 Bh6 16. Nh4 g5 17. Nf5 e6 18. Nxh6+ Rxh6 19. f4 f5 20. exd5 cxd5 21. Qe3 Rg6 22. Na4 h4 23. Kf2 Rb8 24. b3 Bh3 25. Rg1 gxf4 26. gxf4 Bg4 27. h3 Bh5 28. Nc5 Rb6 29. Nd3 Rxg1 30. Rxg1 Qf6 31. Rg5 Bd1 32. Ne5+ Ke7 33. Qc3 c5 34. Qxc5+ Rd6 35. Qc7+ 1-0

[Event "Ruhrgebiet Regionalliga 1718"]
[Site "Germany"]
[Date "2018.02.11"]
[Round "6.7"]
[White "Goeldenboog, Juergen"]
[Black "Wolff, Torsten"]
[Result "1-0"]
[WhiteElo "1829"]
[BlackElo "1901"]
[PlyCount "89"]
[EventDate "2017.10.01"]
[EventType "team-tourn"]
[EventRounds "9"]
[EventCountry "GER"]
[SourceTitle "EXT 2022"]
[Source "ChessBase"]
[SourceDate "2021.10.06"]
[SourceVersion "1"]
[SourceVersionDate "2021.10.06"]
[SourceQuality "1"]
[WhiteTeam "Horst Emscher"]
[BlackTeam "Dortmund SV"]
[WhiteTeamCountry "GER"]
[BlackTeamCountry "GER"]

1. d4 Nf6 2. c4 g6 3. Nc3 d5 4. Nf3 Bg7 5. Qb3 dxc4 6. Qxc4 0-0 7. Bf4 Na6 8. e4 Bg4 9. Be2 c5 10. d5 Nd7 11. 0-0 Bxf3 12. Bxf3 Ne5 13. Bxe5 Bxe5 14. g3 Qc8 15. Be2 Nb4 16. Rac1 Na6 17. Rfd1 Nb8 18. Na4 b6 19. b4 Nd7 20. bxc5 Nxc5 21. Nxc5 Qxc5 22. Qxc5 bxc5 23. Rxc5 Rfc8 24. Rc6 g5 25. h4 Rxc6 26. dxc6 Rc8 27. Rd5 f6 28. Bb5 gxh4 29. gxh4 Kg7 30. Kg2 Rc7 31. Kf3 Kf7 32. Kg4 Bd6 33. f4 Bb4 34. h5 h6 35. Rd8 Kg7 36. Kf5 e5 37. fxe5 fxe5 38. Kxe5 Re7+ 39. Kd5 Ba5 40. Rd6 Bc7 41. Rg6+ Kh7 42. Re6 Rf7 43. e5 Bb6 44. Bd3+ Kg7 45. Rg6+ 1-0

[Event "Ruhrgebiet Verbandsliga Gruppe 1 1617"]
[Site "Germany"]
[Date "2017.03.12"]
[Round "8.7"]
[White "Goeldenboog, Juergen"]
[Black "Gawlick, Matthias"]
[Result "1/2-1/2"]
[WhiteElo "1897"]
[BlackElo "1573"]
[PlyCount "99"]
[EventDate "2016.09.04"]
[EventType "team-tourn"]
[EventRounds "9"]
[EventCountry "GER"]
[SourceTitle "EXT 2022"]
[Source "ChessBase"]
[SourceDate "2021.10.06"]
[SourceVersion "1"]
[SourceVersionDate "2021.10.06"]
[SourceQuality "1"]
[WhiteTeam "Horst Emscher"]
[BlackTeam "Gerthe Werne"]
[WhiteTeamCountry "GER"]
[BlackTeamCountry "GER"]

1. d4 Nf6 2. c4 g6 3. Nc3 Bg7 4. e4 d6 5. f4 Bg4 6. Qb3 b6 7. h3 Bc8 8. Be2 Bb7 9. Bf3 Nfd7 10. Nge2 e6 11. 0-0 0-0 12. Be3 Nc6 13. Qc2 Qe7 14. a3 e5 15. fxe5 dxe5 16. d5 Nd4 17. Bxd4 exd4 18. Nb5 d3 19. Qxd3 Bxb2 20. Ra2 Bg7 21. Kh1 Nc5 22. Qc2 a6 23. Nbc3 Rfe8 24. a4 a5 25. Ng3 Be5 26. Nge2 Qh4 27. Nb5 Re7 28. Ra3 Rae8 29. Rd1 Bc8 30. Kg1 Qf6 31. Nbd4 Bd7 32. Nb5 Bxb5 33. cxb5 Bd6 34. Re3 Qe5 35. g3 Qg5 36. Kf2 f5 37. h4 Qf6 38. Kg2 fxe4 39. Bg4 Rf8 40. Nd4 Kg7 41. Qe2 Qe5 42. Nc6 Qf6 43. Nxe7 Bxe7 44. Rf1 Qxf1+ 45. Qxf1 Rxf1 46. Kxf1 Bd6 47. Be6 Kf6 48. g4 h6 49. Ke2 Ke5 50. Bf7 1/2-1/2

[Event "Ruhrgebiet Verbandsliga Gruppe 1 1617"]
[Site "Germany"]
[Date "2017.01.29"]
[Round "6.8"]
[White "Meyer, Torsten"]
[Black "Goeldenboog, Juergen"]
[Result "1/2-1/2"]
[WhiteElo "1917"]
[BlackElo "1896"]
[PlyCount "45"]
[EventDate "2016.09.04"]
[EventType "team-tourn"]
[EventRounds "9"]
[EventCountry "GER"]
[SourceTitle "EXT 2022"]
[Source "ChessBase"]
[SourceDate "2021.10.06"]
[SourceVersion "1"]
[SourceVersionDate "2021.10.06"]
[SourceQuality "1"]
[WhiteTeam "Bochum-Linden"]
[BlackTeam "Horst Emscher"]
[WhiteTeamCountry "GER"]
[BlackTeamCountry "GER"]

1. Nf3 d5 2. c4 c6 3. cxd5 cxd5 4. d4 Nc6 5. Nc3 Nf6 6. Bf4 a6 7. Rc1 g6 8. h3 Bg7 9. e3 0-0 10. Bd3 Bf5 11. Bxf5 gxf5 12. 0-0 Ne4 13. Qb3 Nxc3 14. Rxc3 Qd7 15. Rc5 e6 16. Rfc1 Rfc8 17. Qa4 Bf8 18. R5c3 Bd6 19. Bxd6 Qxd6 20. Ne5 Na7 21. Rxc8+ Rxc8 22. Rxc8+ Nxc8 23. Qe8+ 1/2-1/2

[Event "WchT Seniors 50"]
[Site "Radebeul"]
[Date "2016.07.02"]
[Round "7.19"]
[White "Hutschenreiter, Joerg"]
[Black "Goeldenboog, Juergen"]
[Result "1/2-1/2"]
[WhiteElo "2002"]
[BlackElo "1979"]
[PlyCount "45"]
[EventDate "2016.06.26"]
[EventType "team-swiss"]
[EventRounds "9"]
[EventCountry "GER"]
[SourceTitle "CBM 173 Extra"]
[Source "ChessBase"]
[SourceDate "2016.08.29"]
[SourceVersion "1"]
[SourceVersionDate "2016.08.29"]
[SourceQuality "1"]
[WhiteTeam "Dresden Gruen Weiss"]
[BlackTeam "Horst Emscher"]
[WhiteTeamCountry "GER"]
[BlackTeamCountry "GER"]

1. d4 d5 2. c4 e5 3. dxe5 d4 4. Nf3 Nc6 5. g3 Be6 6. Nbd2 Qd7 7. Qa4 0-0-0 8. a3 Kb8 9. b4 Nxe5 10. Qxd7 Nxf3+ 11. Nxf3 Rxd7 12. c5 Be7 13. Bg2 Bf6 14. Bg5 c6 15. 0-0-0 Bxg5+ 16. Nxg5 Nf6 17. Ne4 Nxe4 18. Bxe4 Re8 19. Rd2 Bd5 20. Bxd5 Rxd5 21. Rhd1 Kc7 22. Rxd4 Rxd4 23. Rxd4 1/2-1/2

[Event "WchT Seniors 50"]
[Site "Radebeul"]
[Date "2016.06.28"]
[Round "3.3"]
[White "Goeldenboog, Juergen"]
[Black "Kainz, Josef"]
[Result "1/2-1/2"]
[WhiteElo "1979"]
[BlackElo "1877"]
[PlyCount "86"]
[EventDate "2016.06.26"]
[EventType "team-swiss"]
[EventRounds "9"]
[EventCountry "GER"]
[SourceTitle "CBM 173 Extra"]
[Source "ChessBase"]
[SourceDate "2016.08.29"]
[SourceVersion "1"]
[SourceVersionDate "2016.08.29"]
[SourceQuality "1"]
[WhiteTeam "Horst Emscher"]
[BlackTeam "Graz"]
[WhiteTeamCountry "GER"]
[BlackTeamCountry "AUT"]

1. d4 Nf6 2. c4 g6 3. Nc3 d5 4. Nf3 Bg7 5. Qb3 dxc4 6. Qxc4 a6 7. Bf4 b5 8. Qxc7 Qxc7 9. Bxc7 Bb7 10. e3 0-0 11. Be2 Rc8 12. Bxb8 Raxb8 13. 0-0 Rc7 14. a3 Rbc8 15. Rac1 Nd5 16. Nxd5 Bxd5 17. Rxc7 Rxc7 18. Bd3 Bxf3 19. gxf3 e6 20. Ra1 Rc6 21. Kf1 f5 22. Ke2 Kf7 23. Kd2 Ke7 24. a4 b4 25. a5 Kd6 26. f4 Bf6 27. b3 h6 28. Bc4 g5 29. fxg5 hxg5 30. Kd3 Bd8 31. Ra4 Bc7 32. h3 e5 33. Rxb4 exd4 34. exd4 Bxa5 35. Ra4 Be1 36. d5 Rb6 37. Ke2 Bc3 38. Kd3 Be1 39. Ra2 a5 40. Re2 Bb4 41. Re6+ Kc7 42. Re5 Rf6 43. Re6 Rxe6 1/2-1/2

[Event "WchT Seniors 50"]
[Site "Radebeul"]
[Date "2016.06.27"]
[Round "2.3"]
[White "Dettmann, Holger"]
[Black "Goeldenboog, Juergen"]
[Result "1/2-1/2"]
[WhiteElo "2040"]
[BlackElo "1979"]
[PlyCount "76"]
[EventDate "2016.06.26"]
[EventType "team-swiss"]
[EventRounds "9"]
[EventCountry "GER"]
[SourceTitle "CBM 173 Extra"]
[Source "ChessBase"]
[SourceDate "2016.08.29"]
[SourceVersion "1"]
[SourceVersionDate "2016.08.29"]
[SourceQuality "1"]
[WhiteTeam "Dettmann"]
[BlackTeam "Horst Emscher"]
[WhiteTeamCountry "GER"]
[BlackTeamCountry "GER"]

1. d4 d5 2. Bf4 Nf6 3. Nc3 c6 4. Qd2 e6 5. f3 Bd6 6. 0-0-0 b6 7. g4 Bxf4 8. Qxf4 Ba6 9. h4 Nbd7 10. h5 Qb8 11. Qd2 Qc7 12. Nh3 0-0-0 13. Ng5 Rdf8 14. h6 g6 15. e4 Bxf1 16. Rdxf1 Kb7 17. Kb1 Nb8 18. e5 Ne8 19. f4 Qe7 20. f5 Nc7 21. f6 Qd7 22. Ne2 Nba6 23. Rc1 c5 24. dxc5 bxc5 25. Rh3 Rb8 26. c4 Ka8 27. Nc3 Rb4 28. Nce4 Rhb8 29. Nd6 Rxb2+ 30. Qxb2 Rxb2+ 31. Kxb2 Nb4 32. Nxh7 dxc4 33. Rxc4 Qc6 34. Ng5 Qg2+ 35. Kc1 Qf1+ 36. Kd2 Qf2+ 37. Kc1 Qf1+ 38. Kd2 Qf2+ 1/2-1/2

[Event "WchT Seniors 50"]
[Site "Radebeul"]
[Date "2016.06.26"]
[Round "1.3"]
[White "Goeldenboog, Juergen"]
[Black "Pieper, Thomas"]
[Result "1/2-1/2"]
[WhiteElo "1979"]
[BlackElo "2226"]
[PlyCount "108"]
[EventDate "2016.06.26"]
[EventType "team-swiss"]
[EventRounds "9"]
[EventCountry "GER"]
[SourceTitle "CBM 173 Extra"]
[Source "ChessBase"]
[SourceDate "2016.08.29"]
[SourceVersion "1"]
[SourceVersionDate "2016.08.29"]
[SourceQuality "1"]
[WhiteTeam "Horst Emscher"]
[BlackTeam "Ulm Post"]
[WhiteTeamCountry "GER"]
[BlackTeamCountry "GER"]

1. d4 Nf6 2. c4 g6 3. Nc3 Bg7 4. e4 d6 5. f4 0-0 6. Be2 c5 7. d5 e6 8. Nf3 exd5 9. cxd5 Bg4 10. 0-0 Re8 11. h3 Bxf3 12. Bxf3 Na6 13. Kh1 Rb8 14. a4 Nb4 15. g4 Nd7 16. Ra3 a6 17. Na2 Nxa2 18. Rxa2 c4 19. Be3 Rc8 20. Bd4 Bxd4 21. Qxd4 Qf6 22. Qd2 Nc5 23. g5 Nb3 24. Qe3 Qd4 25. Re1 Rc7 26. Qxd4 Nxd4 27. Kg2 Rce7 28. Kf2 Kg7 29. Bg2 Nc2 30. Re2 Nb4 31. Ra3 Nxd5 32. Kg3 Rc7 33. e5 c3 34. bxc3 Rxc3+ 35. Rxc3 Nxc3 36. Rc2 Nxa4 37. Bxb7 Nc5 38. Bd5 Ne6 39. exd6 Rd8 40. Bxe6 fxe6 41. Rc7+ Kg8 42. d7 Kf7 43. Ra7 Ke7 44. Rxa6 Rxd7 45. h4 h6 46. gxh6 Kf6 47. Ra5 Rh7 48. h5 Rxh6 49. hxg6 Rxg6+ 50. Kf3 Rg1 51. Ke3 Re1+ 52. Kf3 e5 53. fxe5+ Rxe5 54. Rxe5 Kxe5 1/2-1/2

[Event "Ruhrgebiet Verbandsliga Gruppe 2 1516"]
[Site "Germany"]
[Date "2016.01.24"]
[Round "6.7"]
[White "Goeldenboog, Juergen"]
[Black "Straenger, Petra"]
[Result "1-0"]
[WhiteElo "1873"]
[BlackElo "1793"]
[PlyCount "95"]
[EventDate "2015.09.06"]
[EventType "team-tourn"]
[EventRounds "9"]
[EventCountry "GER"]
[SourceTitle "EXT 2022"]
[Source "ChessBase"]
[SourceDate "2021.10.06"]
[SourceVersion "1"]
[SourceVersionDate "2021.10.06"]
[SourceQuality "1"]
[WhiteTeam "Horst Emscher"]
[BlackTeam "Muelheim SC"]
[WhiteTeamCountry "GER"]
[BlackTeamCountry "GER"]

1. d4 d5 2. c4 c6 3. Nf3 Nf6 4. cxd5 cxd5 5. Nc3 Nc6 6. Bf4 e6 7. e3 a6 8. Rc1 Bd6 9. Ne5 0-0 10. Nxc6 bxc6 11. Bxd6 Qxd6 12. Bd3 e5 13. dxe5 Qxe5 14. Qa4 c5 15. Ne2 c4 16. Bc2 Qxb2 17. 0-0 Qe5 18. h3 Bd7 19. Qa5 Rfb8 20. Nd4 g6 21. Rfd1 h5 22. Bb1 Rb2 23. Rxc4 Rab8 24. Rcc1 Qg5 25. Nf3 Qh6 26. Qxa6 g5 27. Ne5 Be6 28. Nc6 Re8 29. Qa7 g4 30. h4 g3 31. f3 Bd7 32. Re1 Rxb1 33. Ne7+ Rxe7 34. Rxb1 Kg7 35. Rb7 Qg6 36. Qa3 Re8 37. Qc3 Rc8 38. Qe5 Be6 39. Qxe6 Re8 40. Qc6 Qd3 41. Qc7 Qg6 42. a4 d4 43. e4 d3 44. Rd1 Nxe4 45. fxe4 Rxe4 46. Qc3+ Kh7 47. Rb8 Qf5 48. Qh8+ 1-0

[Event "Ruhrgebiet Verbandsliga Gruppe 2 1516"]
[Site "Germany"]
[Date "2015.12.20"]
[Round "5.8"]
[White "Blank, Stephan"]
[Black "Goeldenboog, Juergen"]
[Result "0-1"]
[WhiteElo "1884"]
[BlackElo "1874"]
[PlyCount "180"]
[EventDate "2015.09.06"]
[EventType "team-tourn"]
[EventRounds "9"]
[EventCountry "GER"]
[SourceTitle "EXT 2022"]
[Source "ChessBase"]
[SourceDate "2021.10.06"]
[SourceVersion "1"]
[SourceVersionDate "2021.10.06"]
[SourceQuality "1"]
[WhiteTeam "Essen Werden"]
[BlackTeam "Horst Emscher"]
[WhiteTeamCountry "GER"]
[BlackTeamCountry "GER"]

1. e4 c6 2. d4 d5 3. e5 c5 4. dxc5 Nc6 5. Nf3 Bg4 6. Nc3 e6 7. Bb5 Bxc5 8. h3 Bh5 9. g4 Bg6 10. Bxc6+ bxc6 11. Na4 Bb6 12. Nxb6 axb6 13. Bg5 Ne7 14. Nd4 Qc7 15. Qe2 Be4 16. f3 Qxe5 17. Qe3 c5 18. Ne2 Qxb2 19. 0-0 Bxc2 20. Qd2 Rxa2 21. Rxa2 Qxa2 22. Nc3 Qb3 23. Ra1 Nc8 24. Rc1 Bg6 25. h4 h5 26. Re1 0-0 27. gxh5 Bxh5 28. Kh2 Nd6 29. Rg1 Nf5 30. Bf6 g6 31. Rg5 Ng7 32. Bxg7 Kxg7 33. Rxh5 Rh8 34. Rxh8 Kxh8 35. Kg3 Qc4 36. Ne2 Kg7 37. Qe3 Qb4 38. Qe5+ Kh7 39. h5 g5 40. Kf2 Qh4+ 41. Kg2 Qxh5 42. Qc7 g4 43. fxg4 Qxg4+ 44. Ng3 Kg6 45. Qxb6 Qb4 46. Qd8 Qd2+ 47. Kh3 Qh6+ 48. Kg4 c4 49. Qg8+ Qg7 50. Qd8 f5+ 51. Kf3 Qc3+ 52. Kg2 Qd2+ 53. Kh3 Qe3 54. Qg8+ Kf6 55. Kg2 Ke5 56. Qg7+ Kd6 57. Qf8+ Kc6 58. Qc8+ Kb5 59. Qb7+ Ka4 60. Qa6+ Kb4 61. Qd6+ Kb3 62. Qb8+ Kc2 63. Nf1 Qe2+ 64. Kg1 Qg4+ 65. Kf2 Qh4+ 66. Kg2 Qe4+ 67. Kf2 d4 68. Qb4 Qf4+ 69. Kg2 Qg4+ 70. Kf2 Qf4+ 71. Kg2 d3 72. Qa4+ Kc3 73. Qa3+ Kd4 74. Qa7+ Kd5 75. Qb7+ Kc5 76. Qa7+ Kc6 77. Qa8+ Kd7 78. Qb7+ Qc7 79. Qb4 e5 80. Kf2 c3 81. Qb5+ Ke6 82. Qb3+ Kf6 83. Qa3 Qb6+ 84. Ne3 Qb2+ 85. Qxb2 cxb2 86. Nd5+ Kg5 87. Nc3 Kf4 88. Nb1 e4 89. Ke1 e3 90. Kf1 Kf3 0-1

[Event "Ruhrgebiet Verbandsliga Gruppe 2 1516"]
[Site "Germany"]
[Date "2015.09.06"]
[Round "1.8"]
[White "Hombrecher, Kai"]
[Black "Goeldenboog, Juergen"]
[Result "1/2-1/2"]
[WhiteElo "1827"]
[BlackElo "1863"]
[PlyCount "169"]
[EventDate "2015.09.06"]
[EventType "team-tourn"]
[EventRounds "9"]
[EventCountry "GER"]
[SourceTitle "EXT 2022"]
[Source "ChessBase"]
[SourceDate "2021.10.06"]
[SourceVersion "1"]
[SourceVersionDate "2021.10.06"]
[SourceQuality "1"]
[WhiteTeam "Oberhausen SV II"]
[BlackTeam "Horst Emscher"]
[WhiteTeamCountry "GER"]
[BlackTeamCountry "GER"]

1. Nf3 d5 2. g3 g6 3. Bg2 Bg7 4. d4 c6 5. 0-0 Nd7 6. Nbd2 Nh6 7. e4 0-0 8. c3 Nf6 9. Re1 Bg4 10. Qb3 Bxf3 11. Bxf3 dxe4 12. Nxe4 Nxe4 13. Bxe4 Qd7 14. Bf4 e6 15. h4 Nf5 16. h5 Ne7 17. hxg6 hxg6 18. Rad1 Nd5 19. Bc1 b5 20. Kg2 f5 21. Bd3 Bf6 22. Rh1 Rf7 23. Rde1 Re8 24. Rh6 Rg7 25. Qd1 Qe7 26. Bd2 Bg5 27. Bxg5 Qxg5 28. Reh1 Nf4+ 29. Kg1 Nh5 30. R6xh5 gxh5 31. Rxh5 Qg4 32. Be2 Qg6 33. Rh4 Qf6 34. Kf1 Rh7 35. Rxh7 Kxh7 36. Bxb5 Rb8 37. Qh5+ Kg7 38. Bxc6 Rxb2 39. a4 Rc2 40. Qf3 Qh6 41. d5 Qc1+ 42. Kg2 Rxc3 43. Qh5 Rxc6 44. dxc6 Qxc6+ 45. Kf1 Qxa4 46. Qg5+ Kf7 47. Qh5+ Ke7 48. Qg5+ Kd7 49. Qg7+ Kc6 50. Qc3+ Kd6 51. Qd2+ Kc5 52. Qe3+ Qd4 53. Qa3+ Kd5 54. Qa5+ Kc6 55. Qa6+ Qb6 56. Qc8+ Kb5 57. Qe8+ Ka5 58. Qe7 Qb1+ 59. Kg2 Qe4+ 60. Kg1 a6 61. Qa3+ Kb5 62. Qb3+ Kc5 63. Qa3+ Kb6 64. Qd6+ Kb5 65. Qb8+ Ka4 66. Qe8+ Ka3 67. Qe7+ Ka2 68. Qc7 Qe1+ 69. Kg2 a5 70. Qc2+ Ka1 71. Qa4+ Kb2 72. Qb5+ Qb4 73. Qe5+ Kb1 74. Qxe6 Qb7+ 75. Kg1 Qe4 76. Qxe4+ fxe4 77. g4 a4 78. g5 a3 79. g6 a2 80. g7 a1Q 81. g8Q Kc2+ 82. Kg2 Qc3 83. Qa2+ Kd1 84. Qb1+ Kd2 85. Qxe4 1/2-1/2

[Event "Ruhrgebiet Verbandsliga Gruppe 1 1415"]
[Site "Germany"]
[Date "2015.03.01"]
[Round "7.7"]
[White "Goeldenboog, Juergen"]
[Black "Lindner Emden, Carsten"]
[Result "0-1"]
[WhiteElo "1848"]
[BlackElo "1941"]
[PlyCount "132"]
[EventDate "2014.09.21"]
[EventType "team-tourn"]
[EventRounds "9"]
[EventCountry "GER"]
[SourceTitle "EXT 2022"]
[Source "ChessBase"]
[SourceDate "2021.10.06"]
[SourceVersion "1"]
[SourceVersionDate "2021.10.06"]
[SourceQuality "1"]
[WhiteTeam "Horst Emscher"]
[BlackTeam "Bochum-Linden"]
[WhiteTeamCountry "GER"]
[BlackTeamCountry "GER"]

1. d4 Nf6 2. c4 e5 3. d5 Bc5 4. Nc3 a5 5. e3 d6 6. Bd3 Na6 7. Nf3 0-0 8. 0-0 Bg4 9. h3 Bd7 10. Ng5 Bb6 11. Qf3 h6 12. Nge4 Nxe4 13. Bxe4 f5 14. Bb1 Qh4 15. b3 Rae8 16. Kh2 Qe7 17. Qg3 Rf6 18. f4 Qf7 19. fxe5 Rxe5 20. Rf3 Qe7 21. Ne2 Qe8 22. Bb2 Rg6 23. Bxe5 Rxg3 24. Bxg3 g6 25. Nd4 Nc5 26. Bc2 Ne4 27. Rd1 Ng5 28. Rf2 Qe7 29. Bf4 Nf7 30. Rdf1 g5 31. Bxf5 Bxd4 32. Bxd7 gxf4 33. Be6 Bxe3 34. Rxf4 Bxf4+ 35. Rxf4 Qd8 36. Rxf7 Kh8 37. Rd7 Qg5 38. Rf7 Qe5+ 39. Kg1 Qa1+ 40. Kh2 Qxa2 41. Rf8+ Kg7 42. Rf7+ Kg6 43. Rf3 a4 44. bxa4 Qxc4 45. Rg3+ Kf6 46. Rg4 Qb3 47. Rf4+ Ke5 48. Rg4 c5 49. dxc6 Kxe6 50. Rg6+ Ke5 51. cxb7 Qxb7 52. Rxh6 d5 53. Rh5+ Ke4 54. Rh4+ Ke3 55. Rg4 d4 56. h4 d3 57. Rg3+ Ke2 58. Rxd3 Kxd3 59. h5 Ke4 60. Kh3 Kf5 61. a5 Kg5 62. g4 Qf3+ 63. Kh2 Kxg4 64. h6 Qf2+ 65. Kh1 Kg3 66. h7 Qh2# 0-1

[Event "Ruhrgebiet Verbandsliga Gruppe 1 1415"]
[Site "Germany"]
[Date "2014.11.16"]
[Round "3"]
[White "Gajda, Peter"]
[Black "Goeldenboog, Juergen"]
[Result "0-1"]
[WhiteElo "1796"]
[BlackElo "1894"]
[PlyCount "202"]
[EventDate "2014.09.21"]
[EventType "team-tourn"]
[EventRounds "9"]
[EventCountry "GER"]
[SourceTitle "EXT 2022"]
[Source "ChessBase"]
[SourceDate "2021.10.06"]
[SourceVersion "1"]
[SourceVersionDate "2021.10.06"]
[SourceQuality "1"]
[WhiteTeam "Kirchhellen SF"]
[BlackTeam "Horst Emscher"]
[WhiteTeamCountry "GER"]
[BlackTeamCountry "GER"]

1. e4 c6 2. d4 d5 3. Bd3 dxe4 4. Bxe4 Nf6 5. Bf3 g6 6. Ne2 Bg7 7. 0-0 0-0 8. c4 Bg4 9. Bxg4 Nxg4 10. h3 Nh6 11. Nbc3 Nf5 12. d5 a6 13. Bf4 cxd5 14. cxd5 Nd7 15. Qd2 Nb6 16. b3 Rc8 17. Rac1 Qd7 18. Rfd1 Rfd8 19. Be3 Nxe3 20. Qxe3 Qd6 21. Ne4 Rxc1 22. Qxc1 Qe5 23. N4c3 Nxd5 24. Rxd5 Rxd5 25. Nxd5 Qxd5 26. Qc8+ Bf8 27. Ng3 f5 28. Qc7 Kf7 29. b4 Bg7 30. a4 Be5 31. Qc8 Qd4 32. Nf1 Qxb4 33. Qd7 Bd6 34. Qc8 a5 35. Qh8 Qh4 36. Qc8 b6 37. Qd8 Qd4 38. Qa8 Bc5 39. Ne3 Qa1+ 40. Kh2 Qe5+ 41. Kh1 Bxe3 42. fxe3 Qxe3 43. Qh8 Qe1+ 44. Kh2 Qh4 45. Qd8 Qf4+ 46. Kh1 Qxa4 47. Qd5+ Kf6 48. Qg8 Qd1+ 49. Kh2 Qd6+ 50. Kg1 Qc5+ 51. Kh1 h5 52. Qh8+ Kg5 53. Qe8 h4 54. Qd7 Qd6 55. Qc8 e5 56. Qc1+ f4 57. Qc8 Qd1+ 58. Kh2 a4 59. Qe6 Qe1 60. Qe7+ Kh6 61. Qf8+ Kh5 62. Qh8+ Kg5 63. Qd8+ Kf5 64. Qd3+ Ke6 65. Qxg6+ Kd5 66. Qf7+ Kc5 67. Qe7+ Kb5 68. Qd7+ Kb4 69. Qd6+ Ka5 70. Qd5+ b5 71. Qd8+ Kb4 72. Qd6+ Kb3 73. Qd5+ Ka3 74. Qd3+ Ka2 75. Qd5+ Ka1 76. Qxb5 a3 77. Qb8 Qg3+ 78. Kh1 Qe3 79. Qb5 Qe4 80. Qc5 Qb1+ 81. Kh2 Qb2 82. Qg1+ Ka2 83. Qc5 Qe2 84. Qd5+ Ka1 85. Qc5 Kb2 86. Qb6+ Ka2 87. Qe6+ Ka1 88. Qd6 a2 89. Qc5 Qb2 90. Qg1+ Qb1 91. Qc5 Qe1 92. Qc2 f3 93. gxf3 Qg3+ 94. Kh1 Qxh3+ 95. Kg1 Qg3+ 96. Kh1 Qxf3+ 97. Kg1 Qe3+ 98. Kf1 Qf4+ 99. Kg1 Qd4+ 100. Kh1 Qb2 101. Qc7 h3 0-1

[Event "NRW Verbandsliga Group2 1314"]
[Site "Nordrheinwestfalen"]
[Date "2014.02.16"]
[Round "7"]
[White "Bense, Dirk"]
[Black "Goeldenboog, Juergen"]
[Result "1/2-1/2"]
[WhiteElo "1920"]
[BlackElo "1913"]
[PlyCount "107"]
[EventDate "2013.09.08"]
[EventType "team-tourn"]
[EventRounds "9"]
[EventCountry "GER"]
[SourceTitle "EXT 2020"]
[Source "ChessBase"]
[SourceDate "2019.10.17"]
[SourceVersion "1"]
[SourceVersionDate "2019.10.17"]
[SourceQuality "1"]
[WhiteTeam "Brackel SF II"]
[BlackTeam "Horst Emscher"]
[WhiteTeamCountry "GER"]
[BlackTeamCountry "GER"]

1. e4 c6 2. d4 d5 3. e5 c5 4. Nf3 Nc6 5. c3 cxd4 6. cxd4 Bg4 7. Be2 e6 8. Nbd2 Qb6 9. 0-0 Nge7 10. Nb3 Nf5 11. Be3 a5 12. Qd3 Bxf3 13. gxf3 a4 14. Nc5 Ncxd4 15. Bxd4 Nxd4 16. Qxd4 Bxc5 17. Qg4 0-0 18. f4 Qb4 19. Rad1 f5 20. Qf3 Qe4 21. Kg2 Qxf3+ 22. Kxf3 Rfc8 23. Bb5 Kf7 24. Rc1 Ra5 25. Bd3 b6 26. Rc2 Rca8 27. Rfc1 R8a7 28. Be2 Ke7 29. Rd1 Kd7 30. Rd3 Be7 31. Rdc3 Rc5 32. Ke3 Rxc3+ 33. Rxc3 Bc5+ 34. Kf3 Ra5 35. Kg2 Ke7 36. Bd1 Ra7 37. Be2 Kf7 38. Rh3 h6 39. Rg3 g6 40. Rc3 Ra5 41. h4 Ra7 42. Bb5 Bd4 43. Rc8 Bxb2 44. Rh8 Ra5 45. Bd7 Ba3 46. h5 gxh5 47. Rxh6 Bc1 48. Kg3 Rc5 49. Bxe6+ Kg7 50. Rf6 Rc3+ 51. Kh4 Rf3 52. Rf7+ Kg6 53. Rf6+ Kg7 54. Rf7+ 1/2-1/2